Леонард Шауфельбергер (Запись № 1668483)

Подробности
000 -МАРКЕР
контрольное поле 02020nam0a2200397 4500
001 - ИДЕНТИФИКАТОР ЗАПИСИ
контрольное поле RU\NLR\bibl\1785428
005 - ИДЕНТИФИКАТОР ВЕРСИИ
контрольное поле 20260408201639.0
010 ## - МЕЖДУНАРОДНЫЙ СТАНДАРТНЫЙ НОМЕР КНИГИ (ISBN)
Номер (ISBN) 978-5-7422-2404-4
Тираж 150
035 ## - ДРУГИЕ СИСТЕМНЫЕ НОМЕРА
Идентификатор записи (NLR Aleph) 001776154
100 ## - ДАННЫЕ ОБЩЕЙ ОБРАБОТКИ
Данные общей обработки 20110705d2009 |||y0rusy50 ca
101 0# - ЯЗЫК РЕСУРСА
Язык текста, звукозаписи и т.д. русский
-- английский
102 ## - СТРАНА ПУБЛИКАЦИИ ИЛИ ПРОИЗВОДСТВА
Страна публикации российская федерация
105 ## - ПОЛЕ КОДИРОВАННЫХ ДАННЫХ: ТЕКСТОВЫЕ МАТЕРИАЛЫ, МОНОГРАФИЧЕСКИЕ
Кодированные данные о монографическом текстовом документе a |||||||||
200 1# - ЗАГЛАВИЕ И СВЕДЕНИЯ ОБ ОТВЕТСТВЕННОСТИ
Основное заглавие Леонард Шауфельбергер
Параллельное заглавие Leonhard Schaufelberger
Сведения, относящиеся к заглавию (10.1.1839 - 19.2.1894)
Первые сведения об ответственности [сост.: Е.М. Тарханова, Dr. М. Шютц]
Язык параллельного заглавия английский
210 ## - ПУБЛИКАЦИЯ, РАСПРОСТРАНЕНИЕ И ДР.
Место издания, распространения и т.д. Санкт-Петербург
Имя издателя, распространителя и т. д. Изд-во Политехнического университета
Дата издания, распространения и т.д. 2009
215 ## - ФИЗИЧЕСКАЯ ХАРАКТЕРИСТИКА
Специфическое обозначение материала и объем 103 с., XX с. цв. ил.
Другие сведения о физической характеристике ил., портр.
Размеры 20
225 1# - СЕРИЯ
Основное заглавие серии Ведущие мастера фарфора Дома Романовых
Сведения, относящиеся к заглавию материалы семейных архивов
300 ## - ОБЩИЕ ПРИМЕЧАНИЯ
Текст примечания На тит. л.: К 265-летию Императорского завода в Санкт-Петербурге
300 ## - ОБЩИЕ ПРИМЕЧАНИЯ
Текст примечания Текст парал. на рус., англ. яз.
316 ## - ПРИМЕЧАНИЯ ОБ ОСОБЕННОСТЯХ ЭКЗЕМПЛЯРА
Текст примечания С автогр. сост.
Организация и экземпляр, к которому относится поле NLR
316 ## - ПРИМЕЧАНИЯ ОБ ОСОБЕННОСТЯХ ЭКЗЕМПЛЯРА
Текст примечания автограф
Организация и экземпляр, к которому относится поле NLR:2011-3/20967
510 1# - ПАРАЛЛЕЛЬНОЕ ЗАГЛАВИЕ
Параллельное заглавие Leonhard Schaufelberger
Сведения, относящиеся к заглавию (10.1.1839 - 19.2.1894)
Язык заглавия английский
600 #1 - ИМЯ ЛИЦА КАК ПРЕДМЕТ
Начальный элемент ввода Шауфельбергер
Часть имени, кроме начального элемента ввода Л.
Даты 1839 - 1894
Расширение инициалов личного имени Леонард
Системный номер авторитетной/нормативной записи 2621657
Идентификатор авторитетной/нормативной записи RU\NLR\auth\661558217
601 02 - НАИМЕНОВАНИЕ ОРГАНИЗАЦИИ КАК ПРЕДМЕТ
Начальный элемент ввода Фарфоровый завод
Идентифицирующий признак Санкт-Петербург, город
Идентификатор авторитетной/нормативной записи RU\NLR\auth\661474995
Системный номер авторитетной/нормативной записи 2485212
686 ## - ИНДЕКСЫ ДРУГИХ КЛАССИФИКАЦИЙ
Индекс У30(28)636.109.2(2-2СПб)
686 ## - ИНДЕКСЫ ДРУГИХ КЛАССИФИКАЦИЙ
Индекс Щ125.145.3(4Ш)5-8Шауфельбергер
702 #1 - ИМЯ ЛИЦА - ВТОРИЧНАЯ ОТВЕТСТВЕННОСТЬ
Код отношения Составитель
Материалы, к которым относится поле rus
Графика поля Кириллица
Начальный элемент ввода Тарханова
Часть имени, кроме начального элемента ввода Е. М.
Расширение инициалов личного имени Елена Михайловна
Идентификатор авторитетной/нормативной записи RU\NLR\AUTH\773544
Системный номер авторитетной/нормативной записи 113540
702 #1 - ИМЯ ЛИЦА - ВТОРИЧНАЯ ОТВЕТСТВЕННОСТЬ
Начальный элемент ввода Шютц
Часть имени, кроме начального элемента ввода М.
Код отношения Составитель
702 #1 - ИМЯ ЛИЦА - ВТОРИЧНАЯ ОТВЕТСТВЕННОСТЬ
Начальный элемент ввода Шауфельбергер
Часть имени, кроме начального элемента ввода Л.
Даты 1839-1894
Расширение инициалов личного имени Леонард
Код отношения Прочие
712 02 - НАИМЕНОВАНИЕ ОРГАНИЗАЦИИ - ВТОРИЧНАЯ ОТВЕТСТВЕННОСТЬ
Код отношения Прочие
Начальный элемент ввода Фарфоровый завод
Идентифицирующий признак Петербург
Идентификатор авторитетной/нормативной записи RU\NLR\AUTH\8810045440
Системный номер авторитетной/нормативной записи 590363
801 #0 - ИСТОЧНИК ЗАПИСИ
Страна российская федерация
Организация NLR
Дата составления 20110705
Правила каталогизации RCR
801 #1 - ИСТОЧНИК ЗАПИСИ
Страна российская федерация
Организация NLR
Дата составления 20110705
942 ## - ДОПОЛНИТЕЛЬНЫЕ ЭЛЕМЕНТЫ ЗАПИСИ (АБИС)
Тип экземпляра АБИС Книга
980 ## - КОЛЛЕКЦИЯ
Название коллекции Национальная библиография
Экземпляры
Тип экземпляра Дата поступления Источник поступления Стоимость Библиотека постоянного хранения Библиотека текущего хранения Место хранения Шифр хранения Штрих-код Статус не для выдачи
Книга 05.07.2011 Дар 300.00 РНБ (Московский) РНБ (Московский) Русский книжный фонд: издания с 1957 года, 8этаж 2011-3/20967 1-795570  
Книга 28.11.2011 Дар 200.00 РНБ (Московский) РНБ (Московский) Русский книжный фонд: издания с 1957 года, 8этаж 2011-3/20967 3544117